De la subjetividad del objeto a la subjetivación de la investigación: prácticas de investigación social en Chile

Se expone un ejercicio colectivo en psicología crítica, específicamente en crítica de la investigación social, basándonos en nuestra experiencia generacional como investigadores en Chile. Abordando la relación entre la investigación y el proceso sociopolítico en el cual ella está anidada, discutimos...

Full description

Bibliographic Details
Main Author: Arensburg Castelli, Svenka
Other Authors: Haye Molina, Andrés, Jeanneret Brith, Francisco, Sandoval Moya, Juan, Reyes Andreani, María José
Format: Analitica de revista
Language:Spanish
Published: México: UMSNH, 2013.
Subjects:
Online Access:Acceso electrónico al documento

MARC

LEADER 00000nam a22000007a 4500
008 200414s2013 mx |||| o|||| 00| 0 spa d
952 |0 0  |1 0  |4 0  |6 RECURSO_ELECTRÓNICO  |7 0  |8 BAS  |9 93694  |a BC  |b BC  |c General  |d 2020-04-17  |l 0  |o RECURSO ELECTRÓNICO  |r 2020-04-17 00:00:00  |w 2020-04-17  |y REVA  |A 224  |B PSI 
999 |c 53317  |d 53317 
040 |c UAHC 
100 |9 11643  |a  Arensburg Castelli, Svenka  
245 1 0 |a De la subjetividad del objeto a la subjetivación de la investigación:   |b prácticas de investigación social en Chile   |c Svenska Arensburg Castelli... [et. al.] 
260 |a México:  |b UMSNH,  |c 2013. 
300 |a pp. 116-145 
500 |a En: Teoría y crítica de la psicología n° 3, 2013. pp. 116-145. ISSN: 2116-348. 
500 |a Sitio visitado (http://www.teocripsi.com/ojs/index.php/TCP/article/view/107/91) el 17 de Abril de 2020. 
520 |a Se expone un ejercicio colectivo en psicología crítica, específicamente en crítica de la investigación social, basándonos en nuestra experiencia generacional como investigadores en Chile. Abordando la relación entre la investigación y el proceso sociopolítico en el cual ella está anidada, discutimos tres fenómenos interrelacionados. Primero, el efecto de levantamiento de voces que puede tener la investigación social, convirtiendo la materia a la que se aboca en un sujeto creativo en diálogo con los investigadores. Esto abre los problemas éticos y políticos asociados al reconocimiento y la co-autoría. Segundo, abordamos el riesgo de ventrilocuismo involucrado en la investigación orientada a levantar voces sociales, cuando la otra cara de la medalla, la función gubernamental de la gestión de las voces, no es considerada atentamente. Esto abre problemas epistemológicos y éticos. Tercero, la complejidad del doble diálogo que los investigadores han de mantener con ambas otredades: el otro investigado y el otro que demanda la investigación. Se abre con ello el problema de la potencialidad de desarrollo de la subjetivación de los investigadores como una voz en sí misma, como una posición parcial e interesada dentro de este diálogo. Se discuten estos tres fenómenos ilustrando cada uno con experiencias chilenas de investigación social, en particular, en los ámbitos de memoria, pobreza y juventud. 
650 0 |9 99  |a Psicología social 
650 0 |9 2312  |a Subjetividad 
700 |9 11644  |a Haye Molina, Andrés 
700 |9 11645  |a Jeanneret Brith, Francisco 
700 |9 11646  |a Sandoval Moya, Juan 
700 |9 11647  |a Reyes Andreani, María José 
856 |u https://dialnet.unirioja.es/servlet/articulo?codigo=5895403  |y Acceso electrónico al documento  
900 |a RECURSO ELECTRÓNICO 
942 |c REVA  |2 ddc